1465 1109 1417 1900 1549 1770 1653 1466 1472 1345 1807 1252 1908 1358 1649 1145 1527 1201 1004 1839 1518 1688 1857 1909 1467 1782 1333 1174 1329 1778 1226 1092 1178 1697 1394 1737 1143 1083 1580 1330 1246 1320 1146 1820 1027 1454 1521 1007 1839 1882 1239 1145 1043 1383 1221 1670 1825 1045 1485 1446 1462 1767 1445 1682 1478 1517 1182 1100 1892 1849 1196 1580 1510 1992 1491 1508 1337 1937 1048 1066 1182 1244 1247 1591 1828 1252 1959 1045 1459 1464 1474 1904 1246 1593 1459 1822 1243 1006 1410 BCNSPRNW ULIB Ver.6.0+V

เปลี่ยนเป็นภาษาไทย

Change to English
 แสดงรายละเอียดบรรณานุกรม
  กลับหน้าหลัก

Brief Record : Get Marc (ISO 2709) : E-mail record : QR code < ปิดหน้าต่าง
LEADER : 00000nam 2200000uu 4500
001    13399121614
003     ULIB
008    121127s||||||||th 000 0 tha d
020    ^a9789740458531
060 04 ^aWC503.2^bค695 2551
245 00 ^aคู่มือสำหรับเภสัชกร :^bการดูแลผู้ติดเชื้อเอชไอวีและผู้ป่วยเอดส์ /^cบรรณาธิการ, ปรีชา มนทกานติกุล ... [และคนอื่นๆ]
246 30 ^aการดูแลผู้ติดเชื้อเอชไอวีและผู้ป่วยเอดส์
250    ^aพิมพ์ครั้งที่ 1
260    ^aกรุงเทพฯ :^bสมาคมเภสัชกรรมโรงพยาบาล (ประเทศไทย),^c2551
300    ^a340 หน้า :^bภาพประกอบ ;^c24 ซม.
650  7 ^aกลุ่มอาการภูมิคุ้มกันเสื่อม^xการรักษา
650  7 ^aผู้ติดเชื้อเอชไอวี^xการดูแล
650  7 ^aผู้ติดเชื้อเอชไอวี^xการรักษาด้วยยา
650  7 ^aโรคเอดส์^xการรักษาด้วยยา
650  7 ^aโรคเอดส์^xผู้ป่วย^xการดูแล
700 0  ^aปรีชา มนทกานติกุล,^eบรรณาธิการ
710 2  ^aสมาคมเภสัชกรรมโรงพยาบาล (ประเทศไทย)
945    ^p0^l0^i16761
945    ^p0^l0^i16762
995    ^aกัณชพร
999 ^a ใช้งานได้ทุกระบบ
รายการนี้ยังไม่มีแท็ก
คุณยังไม่ได้ล็อกอิน คุณสามารถมีกิจกรรมร่วมกับเว็บไซต์ได้ แต่ต้องล็อกอินก่อน ::
  ล็อกอิน

รายการสื่อสารสนเทศ

ลำดับที่ ประเภท เลขเรียก/บาร์โค้ด สถานที่ สถานะ
1. วิทยาศาสตร์การแพทย์ และสุขภาพ
วิทยาศาสตร์การแพทย์ และสุขภาพ
WC503.2 ค695 2551  
  Barcode: 16761
ห้องสมุดวิทยาเขตสวรรค์ประชารักษ์
►ส่วนจัดเก็บหนังสือเก่า สปร
บนชั้น
  ขอยืม
2. วิทยาศาสตร์การแพทย์ และสุขภาพ
วิทยาศาสตร์การแพทย์ และสุขภาพ
WC503.2 ค695 2551 ฉ.2 
  Barcode: 16762
ห้องสมุดวิทยาเขตสวรรค์ประชารักษ์
►ส่วนจัดเก็บหนังสือเก่า สปร
บนชั้น
  ขอยืม

BibComment


ยังไม่เคยถูกคอมเมนท์

คอมเมนท์ทรัพยากรรายการนี้
  คอมเมนท์: คู่มือสำหรับเภสั..


 Copyright 2026. Bcnsprnw @Library